| 000 | 00374nam a2200133Ia 4500 | ||
|---|---|---|---|
| 008 | 240624s9999 xx 000 0 und d | ||
| 041 | _aeng | ||
| 082 | _a332.6730995 JAR | ||
| 100 | _aJARVIS DARRYL | ||
| 245 | _aINTERNATIONAL BUSINESS RISK A HANDBOOK F | ||
| 260 |
_c2003 _aCambridge _bCambridge University Press |
||
| 300 | _axxi, : 474 : p. : cm. ; 25 | ||
| 365 |
_cGBP _b32 |
||
| 999 |
_c24329 _d24329 |
||